LEADER 02370oas 2200721 a 450 001 9910698483503321 005 20250713213019.0 035 $a(OCoLC)535089223 035 $a(CONSER) 2010230119 035 $a(CKB)2320000000010475 035 $a(EXLCZ)992320000000010475 100 $a20100301b20082011 ua a 101 0 $aeng 135 $aur||||||||||| 181 $ctxt$2rdacontent 182 $cc$2rdamedia 183 $acr$2rdacarrier 200 10$aDrug market analysis$iSouth Florida High Intensity Drug Trafficking Area 210 1$aJohnstown, PA :$cNational Drug Intelligence Center, U.S. Dept. of Justice,$d[2008?]-2011. 215 $a1 online resource (4 volumes) 300 $aIn scope of the U.S. Government Publishing Office Cataloging and Indexing Program (C&I) and Federal Depository Library Program (FDLP). 311 08$a2153-8751 517 1 $aSouth Florida High Intensity Drug Trafficking Area drug market analysis 606 $aDrug control$zFlorida$vPeriodicals 606 $aFederal aid to law enforcement agencies$zFlorida$vPeriodicals 606 $aDrug traffic$zFlorida$xPrevention$vPeriodicals 606 $aDrug control$2fast$3(OCoLC)fst01032891 606 $aFederal aid to law enforcement agencies$2fast$3(OCoLC)fst00922223 607 $aFlorida$2fast$1https://id.oclc.org/worldcat/entity/E39QbtfRBghXPwB89fbdFYcHbM 608 $aPeriodicals.$2fast 608 $aPeriodicals.$2lcgft 615 0$aDrug control 615 0$aFederal aid to law enforcement agencies 615 0$aDrug traffic$xPrevention 615 7$aDrug control. 615 7$aFederal aid to law enforcement agencies. 676 $a363 712 02$aNational Drug Intelligence Center (U.S.) 712 02$aHigh Intensity Drug Trafficking Area Program (U.S.) 712 02$aUnited States.$bDepartment of Justice. 801 0$bGPO 801 1$bGPO 801 2$bDLC 801 2$bGPO 801 2$bOCLCQ 801 2$bOCLCO 801 2$bOCLCQ 801 2$bOCLCA 801 2$bOCLCQ 801 2$bOCLCA 801 2$bGILDS 801 2$bOCLCO 801 2$bOCLCA 801 2$bOCLCF 801 2$bOCLCA 801 2$bOCLCQ 801 2$bOCLCL 801 2$bGPO 801 2$bOCLCL 906 $aJOURNAL 912 $a9910698483503321 996 $aDrug market analysis$93125431 997 $aUNINA